Home Print Resources E-Books E-Journals IIMT Lecture Series Library Membership Form Book Recommendation Form Campus Tour Take AdmissionAbout Us Contact Us

ENTREPRENEURIAL DEVELOPMENT (Record no. 56462)

000 -LEADER
fixed length control field nam a22 7a 4500
003 - CONTROL NUMBER IDENTIFIER
control field OSt
005 - DATE AND TIME OF LATEST TRANSACTION
control field 20230408124314.0
008 - FIXED-LENGTH DATA ELEMENTS--GENERAL INFORMATION
fixed length control field 230408b xxu||||| |||| 00| 0 eng d
040 ## - CATALOGING SOURCE
Transcribing agency IIMT COLLEGE OF LAW, GREATER NOIDA
100 ## - MAIN ENTRY--PERSONAL NAME
Personal name DESAI, VASAT
245 ## - TITLE STATEMENT
Title ENTREPRENEURIAL DEVELOPMENT
260 ## - PUBLICATION, DISTRIBUTION, ETC.
Place of publication, distribution, etc. NEW DELHI
Name of publisher, distributor, etc. HIMALAYA PUBLISHING HOUSE
Date of publication, distribution, etc. 2023
300 ## - PHYSICAL DESCRIPTION
Extent 555
942 ## - ADDED ENTRY ELEMENTS (KOHA)
Source of classification or shelving scheme
Koha item type Book Bank
Holdings
Withdrawn status Lost status Source of classification or shelving scheme Damaged status Not for loan Home library Current library Date acquired Source of acquisition Cost, normal purchase price Inventory number Total Checkouts Barcode Date last seen Price effective from Koha item type
          NOIDA College IIMT College of Law NOIDA College IIMT College of Law 04/08/2023 ARISTA PUBLISHERS 925.00 HO/IN/1   11-B-7251 04/08/2023 04/08/2023 Book Bank
          NOIDA College IIMT College of Law NOIDA College IIMT College of Law 04/08/2023 ARISTA PUBLISHERS 925.00 HO/IN/1   11-B-7252 04/08/2023 04/08/2023 Book Bank
IIMT, Central Library. All Rights Reserved IIMT,UNIVERSITY © 2023
Implemented and Customised by I CLOUDE EMS
You Are OPAC Visitor No
free web counter

Powered by Koha